BUBT Library Online Catalog

Muslim Law/ (Record no. 2453)

000 -LEADER
fixed length control field 00733nam a2200253Ia 4500
003 - CONTROL NUMBER IDENTIFIER
control field BUBTL
008 - FIXED-LENGTH DATA ELEMENTS--GENERAL INFORMATION
fixed length control field 151213s9999 xx 000 0 und d
020 ## - INTERNATIONAL STANDARD BOOK NUMBER
International Standard Book Number
041 ## - LANGUAGE CODE
Language code of text/sound track or separate title English
082 ## - DEWEY DECIMAL CLASSIFICATION NUMBER
Classification number 340.59/ M2786m/ 1993
100 ## - MAIN ENTRY--PERSONAL NAME
Personal name Mahmood, S.H. Shaukat
9 (RLIN) 5863
245 ## - TITLE STATEMENT
Title Muslim Law/
Statement of responsibility, etc. S.H. Shaukat Mahmood. & S. H. Nadeen Shaukat Mahmood
250 ## - EDITION STATEMENT
Edition statement 4th edn
260 ## - PUBLICATION, DISTRIBUTION, ETC. (IMPRINT)
Place of publication, distribution, etc. Lahore India :
Name of publisher, distributor, etc. Legal Research Centre
Date of publication, distribution, etc. c1993
300 ## - PHYSICAL DESCRIPTION
Extent 326 p. :
Other physical details ill. ; 21 cm.
500 ## - GENERAL NOTE
General note Includes Index.
526 ## - STUDY PROGRAM INFORMATION NOTE
Program name Law
650 ## - SUBJECT ADDED ENTRY--TOPICAL TERM
Topical term or geographic name as entry element Law
650 ## - SUBJECT ADDED ENTRY--TOPICAL TERM
Topical term or geographic name as entry element
9 (RLIN) 5864
700 ## - ADDED ENTRY--PERSONAL NAME
Personal name S.H. Shaukat Mahmood. & S. H. Nadeen Shaukat Mahmood
9 (RLIN) 5865
856 ## - ELECTRONIC LOCATION AND ACCESS
Password 0
Logon 0
Link text Download
942 ## - ADDED ENTRY ELEMENTS (KOHA)
Source of classification or shelving scheme
Koha item type Books
Holdings
Withdrawn status Lost status Source of classification or shelving scheme Damaged status Not for loan Collection code Permanent location Current location Shelving location Date acquired Source of acquisition Inventory number Total Checkouts Full call number Barcode Date last seen Copy number Price effective from Koha item type
          Non-fiction Bangladesh University of Business and Technology Library Bangladesh University of Business and Technology Library Law Stacks 04/08/2007 Purchase 3583   340.59/ M2786m/ 1993 BUBTL-20033583 07/30/2024 C-1 07/30/2024 Books
        Not For Loan Non-fiction Bangladesh University of Business and Technology Library Bangladesh University of Business and Technology Library Law Stacks 04/08/2007 Purchase 3587   340.59/ M2786m/ 1993 BUBTL-20033587 07/30/2024 C-2 07/30/2024 Books

More Information About Library

Library Hours

  • Open: 9.00 am. to 9.00 pm.
  • Only Sunday: 9.00 am. to 6.00 pm.
  • Closed: Holiday

Contact to the University

Bangladesh University of Business and Technology Library

  • Mirpurl-2, 1216.
  • Phone:
  • Fax:
  • E-Mail: admin.library@bubt.edu.bd

Contact to the Library

Contact Person:

Md. Abdul Hakim Shah
Joint Librarian
PABX No:  113
Cell No: 01816332931
E-mail: official: admin.library@bubt.edu.bd
Personal: hakim.shah@bubt.edu.bd


BUBT Library

Copyright © 2021